Nelineárne riadenie magnetickej levitácie

Enregistré dans:
Détails bibliographiques
Auteur principal: Kresák, Peter (Auteur)
Autres auteurs: Ernek, Martin (Directeur de thèse)
Format: Manuscrit Livre
Langue:slovaque
Publié: Bratislava : STU v Bratislave FEI, 2023
Sujets:
Accès en ligne:https://opac.crzp.sk/?fn=detailBiblioFormChildED1UE&sid=B9F89BDF2FCAC708522D554B24F4&seo=CRZP-detail-kniha
Tags: Ajouter un tag
Pas de tags, Soyez le premier à ajouter un tag!

MARC

LEADER 00000ntm a22000003a 4500
001 stuzp87071
003 SK-STU
005 20241204124418.4
007 ta
008 150427s2015----xo-----f-mn---000-0-slo-d
040 |a STU  |b slo 
041 0 |a slo 
044 |a xo 
100 1 |a Kresák, Peter  |u 031000  |4 aut  |U FEI Fakulta elektrotechniky a informatiky  |T FEI Ústav robotiky a kybernetiky  |X 64834  |U E011  |Y 356  |7 64834 
242 0 1 |a Nonlinear Control of Magnetic Levitation Model  |y eng 
245 1 0 |a Nelineárne riadenie magnetickej levitácie 
260 |a Bratislava :  |b STU v Bratislave FEI,  |c 2023 
300 |a 53 s. 
650 4 |a magnetická levitácia  |2 slo 
650 4 |a prepínanie parametrov  |2 slo 
650 4 |a nelineárne riadenie  |2 slo 
650 4 |a magnetic levitation  |2 eng 
650 4 |a nonlinear control  |2 eng 
650 4 |a gain scheduling  |2 eng 
700 1 |a Ernek, Martin  |u 031000  |k Z1  |4 ths  |U FEI Fakulta elektrotechniky a informatiky  |T FEI Ústav robotiky a kybernetiky  |X 11034  |U E011  |Y 356  |7 A000011034 
856 4 |u https://opac.crzp.sk/?fn=detailBiblioFormChildED1UE&sid=B9F89BDF2FCAC708522D554B24F4&seo=CRZP-detail-kniha